Регионална библиотека "Любен Каравелов" - Русе

Мирът (Запис номер 125709)

MARC детайли
000 -Лидер
Контролно поле с фиксирана дължина nam a22 a 4500
003 - Код на организацията, давaща контролен номер
Контролно поле BLK
005 - Дата и час на последна редакция
Контролно поле 20211104163815.0
008 - Елементи от данни с фиксирана дължина
fixed length control field 180409b bul|||||r ||||||| ||bul||
010 ## - Наследен системен номер
LC control number KNG00131385000
040 ## - Източник на каталожния запис
Идентификатор на билиотеката - собственик на записа BLK
041 ## - Код за език
Код за езика на текст/звукозапис или на отделно заглавие Български
Код за езика КДБФ Български
080 ## - УДК
Текстов определител УДК Българска литература
УДК код - определител по УДК 821.163.2
УДК определител -31
УДК - код + определител 821.163.2-31
100 1# - Редна дума - Автор
Автор Белев, Кръстю Димитров
Авторска отговорност първи автор
R(LIN) 377528
139 ## - Редно поле
Редна дума Белев, Кръстю Димитров
Авторски знак Беле - Б 34
245 10 - Сведения за заглавието
Заглавие Мирът
Подзаглавни данни Роман
Редно поле (дума) Кръстю Димитров Белев.
250 ## - Област на изданието
Сведения за изданието 3. изд.
257 ## - Страна на издаване
Страна на създаване/издаване България
260 ## - Област на издателските данни
Място на издаване, разпространение и проч. София
Име на издателя, разпространителя и проч. Иван Коюмджиев
Година на издаване 1945
Печатница София : Рила
300 ## - Физическа характеристика
Страници 291 с.
Размери/Мащаб 18 см
380 ## - Жанр
Жанр Худож. лит.
490 ## - СЕРИИ (Колекции)
9 (RLIN) 205999
Име на серия Библиотека Нова книга
500 ## - Общи забележки
Забележка 1. изд. 1939 изд. на Библ. Нова книга. - 5 000 тир. - Кн. е продължение на романа Пробивът.
852 ## - Местоположение
Форматна сигнатура Цб 8588
Фондова буква Основен фонд - ползва се само за читалня
852 ## - Местоположение
Форматна сигнатура Цб 8.185.4654
Фондова буква Основен фонд - ползва се само за читалня
856 4# - Електронен адрес и достъп
Електронен формат pdf - файл
856 4# - Електронен адрес и достъп
Електронен формат pdf - файл
999 ## - СИСТЕМНИ КОНТРОЛНИ НОМЕРА
Koha biblionumber 125709
Koha biblioitemnumber 125709
942 ## - АРТИКУЛИ
Вид на библиотечния материал Книги
Скрит в OPAC Не
Периодичен библиозапис Да
944 ## - СЪЗДАВАНЕ И РЕДАКЦИЯ на ЗАПИСА
Създаване/Редакция Създаване
Дата на регистрацията/редакция 15.06.2012
Статус, дата на статуса 15.06.2012 - от С1,Р / 15.06.2012
Служител, извършил регистрацията/редакцията Наталия_Медовщикова
944 ## - СЪЗДАВАНЕ И РЕДАКЦИЯ на ЗАПИСА
Създаване/Редакция Редакция
Дата на регистрацията/редакция 15.06.2012
Статус, дата на статуса 15.06.2012 - от С1,Р / 15.06.2012
999 ## - СИСТЕМНИ КОНТРОЛНИ НОМЕРА
Koha biblioitemnumber 125709
999 ## - СИСТЕМНИ КОНТРОЛНИ НОМЕРА
Koha biblioitemnumber 125709
999 ## - СИСТЕМНИ КОНТРОЛНИ НОМЕРА
Koha biblioitemnumber 125709
Наличности
Код за отписване Код за изгубен артикул Източник на класификационната схема Код за повреда Коз за рестрикции Код за отдаване Артикулен № Име на библиотеката - собственик Име на библиотеката, в която се намира в момента Статус (Текущо местоположение) Дата на вписване в системата Местоположение - отдел Цена в лева Инвентарен номер Систематично азбучна сигнатура Баркод Номер на екземпляра Цена в евро Служебна бележка Служебен тип на артикула
  Не е изгубен Universal Decimal Classification Не е повреден само за читалня ползва се в читалня 204512 Регионална библиотека "Любен Каравелов" Русе Регионална библиотека "Любен Каравелов" Русе Хранилище 1945-01-01 Основен фонд - ползва се само за читалня 1.00 14366/57 Цб 8588 900000081142 1 0.51 N: стар фонд Дата: 01.01.1945 Книги
  Не е изгубен Universal Decimal Classification Не е повреден само за читалня ползва се в читалня 843268 Регионална библиотека "Любен Каравелов" Русе Регионална библиотека "Любен Каравелов" Русе Хранилище 2021-07-16 Основен фонд - ползва се само за читалня 0.26 4654 Цб 8.185.4654 900000069664   0.13   Книги
Vip Innovations Ltd, Rousse, Bulgaria 2025